Statistics for Countries of Oceania in 15 Seconds

Click here to take the quiz!

General Stats

  • This quiz has been taken 111 times
  • The average score is 6 of 14

Answers on the Map

Answers color-coded by a green-red scale on the quiz's map according to % correct below.
 

Answer Stats

Country% Correct
Australia
92%
New Zealand
68%
Fiji
65%
Papua New Guinea
46%
Tonga
43%
Kiribati
41%
Nauru
41%
Tuvalu
41%
Palau
38%
Fed. States of Micronesia
35%
Samoa
35%
Vanuatu
35%
Solomon Islands
19%
Marshall Islands
16%

Score Distribution

Percentile by Number Answered

Percent of People with Each Score

Your Score History

You have not taken this quiz